| 000 | 02185nam a2200289 i 4500 | ||
|---|---|---|---|
| 001 | 68721 | ||
| 003 | ES-MaACL | ||
| 005 | 20250814064713.0 | ||
| 007 | t| | ||
| 008 | 960826m18551861fr ||||1| lat d | ||
| 040 |
_aCAM _bspa _cCAM |
||
| 245 | 0 | 0 |
_aGeographi graeci minores / _ce codicibus recognovit, prolegomenis, annotatione, indicibus instruxit, tabulis aeri incisis illustravit Carolus Mullerus. |
| 260 |
_aParisiis : _beditore Ambrosio Firmin Didot, _c1855-1861 ( _fexcudebant Firmin Didot frates) |
||
| 300 |
_a3 v. ; _c27 cm. |
||
| 490 | 1 |
_aScriptorum graecorum bibliotheca ; _v44-46 |
|
| 500 | _aVol. 3: Tabulae in geographos graecos minores. | ||
| 505 | 8 | _aMapas y planos incluidos: [V. 3: 1-2. Africa. NO. Itinerarios. S. IV-III a.C. (1855). 3. Mediterráneo. O. (Mar). Itinerarios. S. IV-III a.C. (1855). 4. Egeo (Islas). Itinerarios. S. IV-III a.C. (1855). 5. Mar Negro. Itinerarios. S. IV-III a.C. (1855). 5 Bis. Mediterráneo. E. (Mar). Itinerarios. S. IV-III a.C. (1855). 6-8. Mar Rojo. Mapas generales. S. II a. C. (1855). 9. Éufrates (Río). Itinerarios. S. I a. C. (1855). 10. Persia. Itinerarios. S. II a. C. (1855). 11. Índico (Océano). Itinerarios. S. III-I a. C. (1855). 12. Libia. E. Itinerarios. S. III-I a. C. (1855). 13. Arabia. Costas. S. I a.C. (1855). 14. India. Costas. S. III-I a. C. (1855). 15. Índico (Océano). Costas. S. I I (1855). 16 -18. Mar Negro. Itinerarios. S. I I (1855). 19-23. Libia. Costas. S. I-II (1855). 24. Cilicia. Costas. S. II-III (1855). 25. Asia Menor. Costas. S. III (1855). 26. Chipre (Isla). Costas. S. III-IV. (1855). 27. Creta (Grecia) (Isla). Mapas generales. 1855. 28. Índico (Océano). Itinerarios. S. IV (1855). 29. Europa. Itinerarios. S. IV (1855).] | |
| 530 | _aDisponible en formato digital. | ||
| 546 | _aTexto en griego y latín. | ||
| 597 | _aTexto a 2 col. | ||
| 650 | 7 |
_aGeografía antigua _2embne _9136173 |
|
| 700 | 1 |
_aMüller, Karl, _d1813-1894 _984133 |
|
| 830 | 0 |
_aScriptorum graecorum bibliotheca ; _v44-46 _9182435 |
|
| 852 |
_aES-MaACL _jB-2452-54 |
||
| 856 |
_uhttp://bdh-rd.bne.es/viewer.vm?id=0000001224&page=1 _zBiblioteca Digital Hispánica |
||
| 999 |
_c68721 _d68721 |
||